000 00722nam a2200181Ia 4500
999 _c2736
_d2736
003 DO-SdBJH
005 20180417030028.0
008 180414s9999 dr 000 0 spa d
040 _aDO-SdBJH
_bspa
_cDO-SdBJH
090 _aDM PC 3-13 2006
110 _aInstituto de Cooperación para la Seguridad Hemisférica
245 1 0 _aOperaciones de información / Instituto de Cooperación para la Seguridad Hemisférica
260 _aFuerte Benning, Georgia : Cuartel General Secretaría del Ejército, 2006
300 _a156 páginas en varias paginaciones
504 _aIncluye apéndices, referencia bibliográfica y glosario
650 4 _aOperaciones de información -- Operaciones cívico militares
942 _2ddc
_cBK